| 000 | 00565nam a2200205Ia 4500 | ||
|---|---|---|---|
| 005 | 20250508150245.0 | ||
| 008 | 008 250505s9999 xx 000 0 eng d | ||
| 037 | _aTextBook | ||
| 040 |
_aFEDL _beng _cFEDL |
||
| 041 |
_aeng _2eng |
||
| 084 |
_a155.5, HOL _qFEDL |
||
| 100 |
_aHollingworth Leta S _9140197 |
||
| 245 | 0 | _aPsychology of the adolescent | |
| 260 |
_aNew York, USA _bStaples Press _c1947 |
||
| 300 | _a188p | ||
| 365 |
_aINR _b7.14 |
||
| 650 |
_aDevelopment psychology _915497 |
||
| 942 |
_cTB _h155.5, HOL |
||
| 999 |
_c1322679 _d1322679 |
||